000 00631nam a2200193 i 4500
001 84511
003 ES-MaACL
005 20230906175028.0
007 t|
008 041123s1972 sp ||||1| spa d
100 1 _aJohansson, Ivar.
_966726
245 1 0 _aGenética y mejora animal /
_cIvar Johansson, Jan Rendel ; traducido por Francisco Puchal Mas y Pedro Ducar Maluenda.
260 _aZaragoza :
_bAcribia,
_c[1972]
300 _aXI, 567 p. :
_bil. ;
_c24 cm.
700 1 _aRendel, Jan.
_996200
700 1 _aPuchal Más, Francisco.
_994115
700 1 _aDucar Maluenda, Pedro.
_945803
852 _aES-MaACL
_jC-42724
_bR.81107
999 _c84511
_d84511